| 000 | 00529nam a22001577a 4500 | ||
|---|---|---|---|
| 008 | 140605b xxu||||| |||| 00| 0 eng d | ||
| 020 | _a0706241517 | ||
| 050 | _aLB2822.M437 | ||
| 100 |
_aMatthew, Richard and Tong, Simon _910627 |
||
| 245 |
_aThe Role of the Deputy Head in the Comprehensive School _cRichard Matthew and Simon Tong |
||
| 260 |
_aLondon _bWard Lock Educational _c1982 |
||
| 300 |
_a134p. ; _c22cm. |
||
| 650 |
_aSecondary School _xAdministration _910628 |
||
| 650 |
_aHeadmaster _910629 |
||
| 942 |
_2lcc _cMONOGRAPH |
||
| 999 |
_c120628 _d120628 |
||